000 00986nas a2200325 4500
001 BR2015002949
003 BR-BrBNA
005 20231205125353.0
007 ta
008 230509b bl.|||p| |||| 00| 00por d
040 _aBR-BrBNA
_bpor
_cBiblioteca Nacional de Agricultura
041 _a(Pt)
072 _aF06; E16
100 1 _aRibeiro, M.C.
100 1 _aOliveira Filho, D.
100 1 _aSoares, A.A.
100 1 _aMartins, J.H.
100 1 _aMantovani, E.C.
245 1 _aTarifa binômia para o custo de água pressurizada em perímetros irrigados
246 1 _aWater tariffs in irrigation districts
650 _aIRRIGACAO
650 _aTARIFA
650 _aMANEJO DE AGUA
650 _aCONSUMO
650 _aCUSTO
773 0 _tEngenharia Agrícola (Brazil)
_xISSN 1809-4430
_g(Jul-Aug 2010), v. 30(4) p. 578-586
_wBR2015002949
856 4 0 _uhttp://www.scielo.br/pdf/eagri/v30n4/02.pdf
909 _a202311
_bLúcia
_c55
_dLúcia Elande
942 _2AGRIS
_n0
_cANA
999 _c244026
_d244026